ערי ישראל (מעודכן 2023) - Statistics

General Stats
  • This quiz has been taken 323 times
  • The average score is 53 of 82
Answer Stats
עיר % Correct
ירושלים
99%
תל אביב
99%
חיפה
96%
אילת
95%
באר שבע
93%
ראשון לציון
92%
הרצליה
90%
אשדוד
89%
פתח תקווה
87%
כפר סבא
87%
נתניה
86%
חולון
86%
אשקלון
86%
רמת גן
85%
קריית שמונה
85%
בת ים
84%
מודיעין-מכבים-רעות
84%
בני ברק
82%
חדרה
82%
נהריה
81%
גבעתיים
78%
טבריה
78%
רחובות
77%
קריית גת
77%
דימונה
77%
רעננה
76%
עכו
76%
רמת השרון
76%
שדרות
75%
לוד
74%
רמלה
74%
הוד השרון
74%
בית שמש
73%
ראש העין
73%
צפת
73%
נס ציונה
72%
ערד
71%
נצרת
70%
עפולה
70%
אופקים
70%
קריית ביאליק
69%
קריית אתא
67%
יבנה
67%
נתיבות
67%
רהט
66%
בית שאן
66%
קריית מוצקין
65%
קריית אונו
65%
קריית מלאכי
65%
כרמיאל
63%
קריית ים
63%
אריאל
62%
יהוד-מונוסון
59%
אלעד
57%
מודיעין עילית
55%
אום אל-פחם
55%
מעלה אדומים
55%
נוף הגליל
53%
אור יהודה
52%
טירה
51%
יקנעם עילית
51%
גבעת שמואל
49%
נשר
49%
טירת כרמל
48%
כפר קאסם
47%
ביתר עילית
46%
אור עקיבא
45%
טייבה
44%
מגדל העמק
43%
גני תקווה
43%
מעלות-תרשיחא
43%
באר יעקב
42%
חריש
41%
כפר יונה
40%
סח'נין
38%
שפרעם
35%
באקה אל-גרבייה
32%
קלנסווה
28%
טמרה
27%
מע'אר
26%
כפר קרע
26%
עראבה
23%
No matching quizzes found
Score Distribution
Percent of People with Each Score
Percentile by Number Answered
Your Score History
You have not taken this quiz